|
|
|
|
| LEADER |
01067nam a2200253 a 4500 |
| 001 |
1177167 |
| 008 |
090519s1995 ii b 000 0 eng d |
| 010 |
|
|
|a 96902105
|
| 020 |
|
|
|a 0195637070
|
| 040 |
|
|
|a DLC
|c DLC
|
| 082 |
0 |
0 |
|a 362.1/04257/0954
|2 21
|
| 100 |
1 |
|
|a Rohde, Jon E.
|
| 245 |
1 |
4 |
|a The rural private practitioner /
|c John Eliot Rohde, Hema Viswanathan.
|
| 260 |
|
|
|a Delhi :
|b Oxford University Press,
|c 1995.
|
| 300 |
|
|
|a xvi, 159 p. ;
|c 22 cm.
|
| 500 |
|
|
|a "Outcome of a joint study by the Indian Market Research Bureau and the UNICEF"--Foreword.
|
| 520 |
|
|
|a Study of the rural private practitioners in India.
|
| 504 |
|
|
|a Includes bibliographical references (p. 155-159).
|
| 541 |
1 |
|
|e 00006453
|
| 650 |
|
0 |
|a Medicine, Rural
|x Practice
|z India.
|
| 700 |
1 |
|
|a Viswanathan, Hema.
|
| 852 |
4 |
|
|a Ayesha Abed library
|j Generl Shelf
|
| 999 |
|
|
|c 841
|d 841
|
| 952 |
|
|
|0 0
|1 0
|2 ddc
|4 0
|6 362_104257095400000_ROH_1995
|7 0
|9 785
|a BRACUL
|b BRACUL
|c GEN
|d 2009-05-19
|g 0.00
|l 0
|o 362.1042570954 ROH
|p 3010006453
|r 2009-05-19
|t 1
|w 2009-05-19
|y BK
|x No price found in the accession register.
|